| 000 | 01767cam a22003855a 4500 | ||
|---|---|---|---|
| 001 | 17161578 | ||
| 003 | EG-ScBUE | ||
| 005 | 20221207153835.0 | ||
| 008 | 120210s2012 nyua f b 001 0 eng d | ||
| 020 | _a9780500516423 | ||
| 020 | _a0500516421 | ||
| 040 |
_aSISPL _beng _erda _cSISPL _dOCLCO _dBTCTA _dBDX _dUKMGB _dERASA _dYDXCP _dYNK _dYBM _dOCLCO _dCDX _dSINLB _dNDD _dBWX _dGPM _dWIM _dDLC _dEG-ScBUE |
||
| 041 | 1 |
_aeng _hfre |
|
| 043 | _aa-ir--- | ||
| 082 | 0 | 4 |
_222 _a720.955 _bSTI |
| 100 | 1 |
_aStierlin, Henri, _eauthor. |
|
| 240 | 1 | 0 |
_aArt persan. _lEnglish |
| 245 | 1 | 0 |
_aPersian art & architecture / _cHenri Stierlin ; photographs by Henri and Anne Stierlin and Adrien Buchet. |
| 246 | 3 | _aPersian art and architecture | |
| 264 |
_aNew York : _bThames & Hudson, _c2012. |
||
| 300 |
_a279 pages : _billustrations ; _c31 cm |
||
| 500 | _a"Translated from the French L'art persan by David H. Wilson"--Colophon. | ||
| 504 | _aIncludes bibliographical references and index. | ||
| 505 | 0 | 0 |
_tIntroduction: the power of Persian art -- _tThe rise of Islam -- _tThe Seljuqs -- _tThe Mongol Invasion -- _tThe Islamic golden age -- _tTimur and Samarqand -- _tMiniatures -- _tBukhara and the Shaybanids -- _tIsfahan and the Safavids -- _tReflections of Paradise -- _tThe 18th and 19th centuries -- _tKhiva: a Khanate in Central Asia -- _tFrom vision to reality. |
| 546 | _aText in English ; translated from the original French. | ||
| 650 | 7 |
_aArt, Iranian. _2BUEsh |
|
| 650 | 7 |
_aArchitecture _zIran. _2BUEsh |
|
| 650 | 7 |
_aIslamic architecture _zIran. _2BUEsh |
|
| 650 | 7 |
_aSymbolism in architecture _2BUEsh _937717 |
|
| 653 |
_bENGARC _cNovember2017 |
||
| 655 | _vReading book | ||
| 700 | 1 |
_aStierlin, Anne, _ephotograph. |
|
| 700 | 1 |
_aBuchet, Adrien, _ephotograph. |
|
| 942 |
_2ddc _cBB |
||
| 999 |
_c25641 _d25613 |
||